Τα εν διασπορά Β' της δεκαετίας (1969-1979) : τόμος τιμητικός στα εβδομηντάχρονα του συγγραφέα
Saved in:
| Main Author: | |
|---|---|
| Format: | Book |
| Language: | Greek |
| Published: |
Λευκωσία :
Μορφωτική Υπηρεσία του Υπουργείου Παιδείας,
1979
|
| Subjects: | |
| Tags: |
Add Tag
No Tags, Be the first to tag this record!
|
MARC
| LEADER | 00000nam a2200000 i 4500 | ||
|---|---|---|---|
| 001 | 1/75179 | ||
| 008 | 961212s1979 gre d | ||
| 035 | |a 1992 |b 3 |c Δωρεά |l 10032055 | ||
| 040 | |a GR-MY-UA |b gre |e aacr | ||
| 041 | 0 | |a gre | |
| 082 | 0 | |a 889.01 | |
| 100 | 1 | |a Χατζηιωάννου, Κυριάκος, |d 1909-1997. | |
| 245 | 1 | 3 | |a Τα εν διασπορά Β' της δεκαετίας (1969-1979) : |b τόμος τιμητικός στα εβδομηντάχρονα του συγγραφέα / |c Κυριάκου χατζηϊωάννου |
| 260 | |a Λευκωσία : |b Μορφωτική Υπηρεσία του Υπουργείου Παιδείας, |c 1979 | ||
| 300 | |a 240 σ. | ||
| 650 | 0 | 0 | |a Cyprian literature. |
| 650 | 0 | 0 | |a Litterateurs |z Cyprus |x History and criticism. |
| 650 | 0 | 0 | |a Speeches, addresses, etc. |
| 852 | |a INST |b RHODES |e 19961212 |h 889.01 ΧΑΤ |p 005400000336 |q 005400000336 |t BK |y 0 | ||
| 909 | |a Ρ |b 024465 |c 1992 | ||
| 970 | |z 2000/06/ΟΙΚΟΝΟΜΟΠΟΥΛΟΥ (SUBJECT) | ||